Určenie predpokladanej hodnoty zákazky pri ďalších formách poskytovania stravy a iných benefitov zamestnancom

V nasledujúcom príspevku sa autorka venuje určovaniu predpokladanej hodnoty zákazky pri poskytovaní stravy formou elektronických stravovacích kariet a príspevku na rekreáciu formou elektronických rekreačných poukazov.

Enregistré dans:
Détails bibliographiques
Auteur principal: Scheberová, Magdaléna
Format: Chapitre de livre
Langue:slovaque
Sujets:
Tags: Ajouter un tag
Pas de tags, Soyez le premier à ajouter un tag!

MARC

LEADER 00000naa a2200000 4500
001 0300194
005 20240430085148.7
041 0 |a slo 
044 |a SK 
245 1 0 |a Určenie predpokladanej hodnoty zákazky pri ďalších formách poskytovania stravy a iných benefitov zamestnancom  |c Magdaléna Scheberová 
520 |a V nasledujúcom príspevku sa autorka venuje určovaniu predpokladanej hodnoty zákazky pri poskytovaní stravy formou elektronických stravovacích kariet a príspevku na rekreáciu formou elektronických rekreačných poukazov. 
610 2 0 |a hodnota 
610 2 0 |a zákazky 
610 2 0 |a obstarávanie verejné 
610 2 0 |a stravovanie zamestnancov 
610 2 0 |a príspevky rekreačné 
610 2 0 |a karty platobné 
100 1 |a Scheberová, Magdaléna